Rast konkurenčnej výkonnosti - významný predpoklad úspešného vstupu slovenskej ekonomiky do Európskej únie

Bibliographic Details
Main Authors: Baláž, Peter, 1954-2019 (Author), Trenčianska, Elena (Author)
Format: Article
Language:Slovak
Subjects:

MARC

LEADER 00000nab a2200000 a 4500
001 vtls000758817
003 SK-MaSNL
005 20260426072535.0
008 180207c2001 xo 0 slo
015 |a SNBRB2001/06-19695 
035 |a CLN000110604 
040 |a SNKBUCL  |b slo  |c SNKBUCL  |e AACR2 
041 0 |a slo 
044 |a xo  |c SK 
080 |a 338.1  |2 UDC-MRF-SK2 
100 1 |a Baláž, Peter,  |d 1954-2019  |4 aut  |9 14140 
245 1 0 |a Rast konkurenčnej výkonnosti - významný predpoklad úspešného vstupu slovenskej ekonomiky do Európskej únie  |c Peter Baláž, Elena Trenčianska 
504 |a Res. angl. 
650 0 7 |a hospodárska politika  |2 SNKPH  |9 2279 
650 0 7 |a ekonomika  |2 SNKPH  |9 789 
651 7 |a Slovensko  |2 SNKPHgeo  |9 14231 
655 7 |a články z novín a časopisov  |2 snkbucl  |9 267496 
700 1 |a Trenčianska, Elena  |4 aut  |9 295717 
773 0 |t IBC. International business cooperation  |g Roč. 12, č. 2 (2001), s. 14-15 
850 |a Slovenská národná knižnica v Martine 
852 |a SNK  |b KIS3GCP 
958 |a RBX 
999 |c 2689741  |d 2691671